01384nam a22001577a 4500008004100000020002600041050002300067100002100090245013100111260004600242300004400288500003800332505081100370700002301181700002201204150202b xxu||||| |||| 00| 0 eng d a 0789562901  aHF5548.4.M525 S485 a Gary, Shelly B. aMicrosoft Office XP: Advanced concepts and techniques, Word 2002, Excel 2002, Access 2002, Powerpoint 2002. /c Shelly B. Gary aU.S.A:bThomson Course Technology,c2002. axxiii,+ various pagings.:bill.;c25cm. aIncludes references and appendix. aContents: Creating a document with a table, chart and watermark -- Generating form letters, mailing labels, envelopes and directories -- Creating a professional newsletter -- Merging from letters to E-mail address using an outlook contacts lists -- Financial functions, data tables, amortization schedules and hyperlinks -- Creating, sorting and querying a worksheet database -- Creating templates and working with multiple worksheets and workbooks -- Linking an excel worksheet to a word document and web discussions -- Reports, forms and combo boxes -- Enhancing forms with OLE fields, hyperlinks and subforms --Creating an application system using macros, wizards and the switchboard manager -- Sharing data among applications -- Using visuals to enhance a slide show -- Microsoft office XP help system. aCashman, Thomas J. aVermaat, Misty E.